01028nam0a22002291 4500001001000000005001700010035002600027100004100053101000800094102000700102105001800109200028800127210002800415215001500443225008400458320003000542700006400572712010300636801001800739801002200757852001900779rc\74286620260407090135.0 a(NLR Aleph) 006272074 a20040301d1985 |||y0rusy50 ca0 arus aRU ay |||||||||1 aО предельном свойстве структуры кадров в дискретной нестационарной модели динамики персонала организацииeМатериалы семинара Отд. вычисл. математики aМ.cВИНИТИd1985 a13 с.d211 aПрепринтfАН СССР, Отд. вычисл. математикиv89 aБиблиогр.: с. 13 1aТереховbА.И.gАлександр Иванович02aАН СССРbОтдел вычислительной математики3RU\NLR\AUTH\8813819 0aRUbNLRgpsbo 1aRUbELAR2rusmarc aNLRj85-6/5810